00485nam a2200181 a 4500001001300000003000900013005001700022008004100039020000900080082001600089100001800105245005000123260004600173300000900219500003500228650002200263700001800285nice12345678IN_TiNIC20260116013601.0070620s1984 laha grp 000 0 urd  ac7000a922.97bSAY aSayeed, Ahmad aMaolana Ashraf Ali Thanvi Aur Tahreek-E-azadi aLahore bMajlish Khairul Muslimeen c1984 a168p aincludes index and biblioraphy aAshraf Ali Thanvi1 aSayeed, Ahmad